Normal view
MARC view
- Trucks
Entry Topical Term
001 - CONTROL NUMBER
- control field: 21478
003 - CONTROL NUMBER IDENTIFIER
- control field: NUST
005 - DATE AND TIME OF LATEST TRANSACTION
- control field: 20190926105205.0
008 - FIXED-LENGTH DATA ELEMENTS
- fixed length control field: 190926|| aca||aabn | a|a d
040 ## - CATALOGING SOURCE
- Original cataloging agency: NUST
- Transcribing agency: NUST
150 ## - HEADING--TOPICAL TERM
- Topical term or geographic name entry element: Trucks
- General subdivision: Weight
- General subdivision: Government policy
- Geographic subdivision: United States
- General subdivision: Evaluation.
670 ## - SOURCE DATA FOUND
- Source citation: Work cat.: (NUST)0: Downs, Hugh G. 21476, Criteria for evaluation of truck weight enforcement programs /, 1981.
